Quick Fire True Or False - Uk Geography #1 - Statistics

General Stats
  • This quiz has been taken 45 times
  • The average score is 10 of 15
Answer Stats
Question Answer % Correct
Swansea is The Largest City in Wales? FALSE
100%
The Peak District is the oldest National Park in England? TRUE
100%
Kings Lynn is in Buckinghamshire? FALSE
92%
Leeds Castle is in Yorkshire? FALSE
92%
Glastonbury is in Somerset? TRUE
92%
Stonehenge is Located in Wiltshire TRUE
92%
Ludlow is in Shropshire? TRUE
83%
Balmoral Estate is in Edinburgh? FALSE
75%
Kent is Smaller than Essex? FALSE
58%
King John is Buried at Westminster Abbey? FALSE
58%
The Tay Rail Bridge is the longest bridge in the UK? FALSE
58%
England has more Castles than Wales? FALSE
42%
Tredegar House is in Newport? TRUE
42%
3 English Counties Border Wales? FALSE
33%
Michael Faraday was born in Surrey? TRUE
17%
No matching quizzes found
Score Distribution
Percent of People with Each Score
Percentile by Number Answered
Your Score History
You have not taken this quiz